| 000 -ლიდერი |
| ფიქსირებული სიგრძის საკონტროლო ველი |
02195nam a2200253Ia 4500 |
| 001 - საკონტროლო ნომერი |
| საკონტროლო ველი |
12279 |
| 003 - საკონტროლო ნომრის იდენტიფიკატორი |
| საკონტროლო ველი |
GE_BSU |
| 005 - ბოლო ოპერაციის თარიღი და დრო |
| საკონტროლო ველი |
20240703172846.0 |
| 008 - ფიქსირებული სიგრძის მონაცემთა ელემენტები - ზოგადი ინფორმაცია |
| ფიქსირებული სიგრძის საკონტროლო ველი |
181216s2014||||geo|||||||||||||| ||ge || |
| 020 ## - წიგნის საერთაშორისო სტანდარტული ნომერი |
| International Standard Book Number |
9789941434785 |
| 040 ## - კატალოგიზაციის წყარო |
| Transcribing agency |
GE_BSU |
| 041 ## - ენის კოდი |
| Language code of text/sound track or separate title |
geo |
| 080 ## - უნივერსალური ათობითი კლასიფიკაციის ინდექსი |
| Universal Decimal Classification number |
821.353.1-92+821.353.1-6 ბ-44 |
| 245 ## - ცნობა სათაურის შესახებ |
| Title |
გამონათლევი : |
| Remainder of title |
I სამეცნიერო და მხატვრულ-პუბლიცისტური წერილების კრებული / |
| Statement of responsibility, etc |
ბათუმის შ. რუსთაველის სახელმწ. უნ-ტი, ნიკო ბერძენიშვილის ინ-ტი ; მთავარი რედაქტორი ალიოშა ბაკურიძე. |
| 264 ## - წარმოების, გამოცემის, დისტრიბუციის და სხვა ცნობები |
| გამოცემის, წარმოების, დისტრიბუციის... ადგილი |
ბათუმი : |
| გამოცემის, წარმოების, დისტრიბუციის... სახელწოდება |
ბათუმის შოთა რუსთაველის სახ.უნ-ტი, |
| გამოცემის, წარმოების, დისტრიბუციის... თარიღი |
2014. |
| 300 ## - ფიზიკური აღწერა |
| Extent |
624 გვ. ; |
| Dimensions |
30 სმ. |
| 500 ## - ზოგადი შენიშვნა |
| General note |
კრებული ეძღვნება სრულიად საქ-ოს კათოლიკოს-პატრიარქის,უწმინდესის და უნეტარესის ილია მეორის დაბადებიდან 80 და აჭარის დედასამშობლოსთან დაბრუნების 135 წლისთავს |
| 520 ## - SUMMARY, ETC. |
| Summary, etc |
კრებული ეძღვნება სრულიად საქ-ოს კათოლიკოს-პატრიარქის,უწმინდესის და უნეტარესის ილია მეორის დაბადებიდან 80 და აჭარის დედასამშობლოსთან დაბრუნების 135 წლისთავს. |
| 653 ## - INDEX TERM--UNCONTROLLED |
| Uncontrolled term |
გამონათლევი |
| 653 ## - INDEX TERM--UNCONTROLLED |
| Uncontrolled term |
I სამეცნიერო და მხატვრულ პუბლიცისტური წერილების კრებული |
| 700 ## - ADDED ENTRY--PERSONAL NAME |
| Personal name |
ბაკურიძე, ალიოშა |
| Relator term |
მთავარი რედაქტორი |
| 9 (RLIN) |
22702 |
| 942 ## - ADDED ENTRY ELEMENTS (KOHA) |
| Koha item type |
წიგნი |
| Source of classification or shelving scheme |
|